000 01501cam a2200373 a 4500
001 16264564
003 OSt
005 20170307141144.0
008 100603s2011 ohua 000 0 eng d
010 _a 2010929947
020 _a9780538468077 (pbk.)
020 _a0538468076 (pbk.)
035 _a(OCoLC)ocn607978060
040 _aBTCTA
_beng
_cBTCTA
_dYDXCP
_dTXA
_dDLC
042 _alccopycat
050 0 0 _aHF5549
_b.N56 2011
100 1 _aNkomo, Stella M.,
_d1947-
245 1 0 _aHuman resource management applications /
_cStella M. Nkomo, Myron D. Fottler, R. Bruce McAfee.
246 1 4 _aHuman resource management applications : cases, exercises, incidents, and skill builders
250 _a7th ed.
260 _aMason, OH :
_bSouth-Western Cengage Learning,
_cc2011.
300 _axii, 308 p. :
_bill. ;
_c24 cm.
650 0 _aPersonnel management
_vCase studies.
650 0 _aPersonnel management
_vProblems, exercises, etc.
700 1 _aFottler, Myron D.
700 1 _aMcAfee, R. Bruce.
856 4 2 _3Contributor biographical information
_uhttp://www.loc.gov/catdir/enhancements/fy1105/2010929947-b.html
856 4 2 _3Publisher description
_uhttp://www.loc.gov/catdir/enhancements/fy1105/2010929947-d.html
856 4 1 _3Table of contents only
_uhttp://www.loc.gov/catdir/enhancements/fy1105/2010929947-t.html
906 _a7
_bcbc
_ccopycat
_d3
_eepcn
_f20
_gy-gencatlg
942 _2lcc
_cBK
999 _c256110
_d256109